000 00571nam a2200193Ia 4500
005 20250317130338.0
008 008 250317s9999 xx 000 0 eng d
037 _aTextbook
040 _aFMSL
_beng
_cFMSL
041 _aeng
_2eng
084 _aX8(J):x.791 M6.2
_qFMSL
100 _aMisra R P
245 0 _aThird world peasantry : A continuing sage of deprivation
260 _aN.D
_bN.D, Sterling Publishers
_c1986
300 _avi,262
490 _vVol II
942 _cTB
_hX8(J):x.791 M6.2
999 _c1263374
_d1263374